[Event "DEN-chB"]
[Site "?"]
[Date "1992.??.??"]
[Round "3"]
[White "Greger, Roland"]
[Black "Rewitz, Poul"]
[Result "1-0"]
[WhiteElo "2360"]
[BlackElo "2250"]

1.e4 c5 2.c3 Nf6 3.e5 Nd5 4.d4 e6 5.Nf3 d6 6.Bd3 cxd4 7.cxd4 dxe5 8.Nxe5 Nd7
9.O-O Be7 10.Nd2 O-O 11.Ndf3 N7f6 12.a3 Bd7 13.Bd2 Bc6 14.Qc2 Qe8 15.Nxc6 Qxc6
16.Qxc6 bxc6 17.Rfc1 Rfc8 18.Rc2 Bd6 19.Ba6 Rc7 20.Rac1 Ne7 21.Ne5 Bxe5 22.dxe5 Nfd5
23.g3 Rd7 24.f4 Rad8 25.Be1 f5 26.Bf2 h6 27.h4 g6 28.Kg2 Kf7 29.Kf3 Rg8 30.Rd1 g5
31.hxg5 hxg5 32.Rh1 gxf4 33.gxf4 Rg4 34.Rh7+ Kg8 35.Rh4 Rg7 36.Rh6 Kf7 37.Bh4 Ng6
38.Bg3 Nc7 39.Be2 Ne7 40.Bh4 Rd4 41.Bf2 Ra4 42.Rc4 Rxc4 43.Bxc4 Nc8 44.Rf6+ Ke7
45.Bh4 Kd7 46.Rf8 Ne7 47.Rb8 a6 48.b3 Rh7 49.Bg5 Rh3+ 50.Kg2 Rc3 51.Kf2 Rc1
52.Rh8 Rc2+ 53.Ke1 Ncd5 54.Ra8 Ng6 55.Bxd5 exd5 56.Rg8 Nxf4 57.Bxf4 Rc3 58.Rg7+ Ke6
59.Rg6+ Kf7 60.Rf6+ Ke7 61.Rh6 Rxb3 62.Bg5+  1-0

[Event "DEN-chB"]
[Site "?"]
[Date "1992.??.??"]
[Round "3"]
[White "Boe, Mads"]
[Black "Josephsen, Niels"]
[Result "1-0"]
[WhiteElo "2275"]
[BlackElo "2250"]

1.e4 c5 2.c3 Nf6 3.e5 Nd5 4.d4 cxd4 5.cxd4 d6 6.Nf3 Nc6 7.a3 Bf5 8.Qb3 Nb6
9.Be3 d5 10.Nh4 Bxb1 11.Rxb1 e6 12.Nf3 Be7 13.Bd3 a6 14.Bd2 Rb8 15.Rc1 Rc8
16.O-O O-O 17.Rfe1 Qc7 18.Rc2 Nd7 19.Rec1 Qb8 20.Qa2 Qa8 21.Qb1 g6 22.b4 b5
23.h4 Nb6 24.Bh6 Rfe8 25.h5 Bf8 26.Bxf8 Rxf8 27.Re1 Ne7 28.Qc1 Kg7 29.Qf4 Ng8
30.Rxc8 Rxc8 31.Ng5 Qb7 32.hxg6 hxg6 33.Re3 Qe7 34.Rh3 Rc3 35.Rh7+  1-0

[Event "Doha op"]
[Site "Doha"]
[Date "1992.??.??"]
[Round "9"]
[White "Reefat bin Satter"]
[Black "Al Khateeb, Ahmed"]
[Result "1-0"]
[WhiteElo "2335"]
[BlackElo "2250"]

1.e4 c5 2.c3 Nf6 3.e5 Nd5 4.d4 cxd4 5.Nf3 e6 6.cxd4 b6 7.Nc3 Bb7 8.Bd3 Be7
9.O-O O-O 10.Qe2 f5 11.Bc4 Nxc3 12.bxc3 Qc8 13.Bd2 Na6 14.Bb3 Nc7 15.c4 Kh8
16.Rfd1 Qe8 17.Bc3 Rc8 18.d5 Nxd5 19.cxd5 Rxc3 20.Qb2 Rc5 21.d6 Bd8 22.Rac1 Bxf3
23.gxf3 Qg6+ 24.Kf1 Qh5 25.Rxc5 bxc5 26.Qc3 Qxh2 27.Ba4 c4 28.Bxd7 Bb6 29.Rd2 Qh1+
30.Ke2 Qg1 31.Bxe6 Qxf2+ 32.Kd1 Qg1+ 33.Kc2 Rb8 34.Qb4 c3 35.Re2 a5 36.Qb5 Ba7
37.d7 Qd4 38.Bd5 Qh4 39.Bb7 Qe7 40.e6 Bd4 41.Qc4 Bc5 42.Qxc5  1-0

[Event "Dortmund op-A"]
[Site "Dortmund"]
[Date "1992.??.??"]
[Round "7"]
[White "Blauert, Joerg"]
[Black "Naumann, Frank"]
[Result "1-0"]
[WhiteElo "2375"]
[BlackElo "2245"]

1.e4 c5 2.c3 Nf6 3.e5 Nd5 4.d4 cxd4 5.Nf3 Nc6 6.Bc4 Nb6 7.Bb3 d5 8.exd6 Qxd6
9.O-O Be6 10.Na3 Bxb3 11.Qxb3 Qd5 12.Nb5 Rc8 13.Nfxd4 Nxd4 14.Nxd4 Qxb3 15.axb3 a6
16.b4 e6 17.b5 axb5 18.Nxb5 Rc5 19.Ra5 Nc4 20.Ra8+ Kd7 21.Rd1+ Kc6 22.Nd4+ Kc7
23.Nb3 Rb5 24.Rdd8 Rd5 25.Rxd5 exd5 26.Nd4 g6 27.Bf4+ Kb6 28.b3 Na5 29.Be5 Bg7
30.Rxh8 Bxe5 31.Rxh7 Bxd4 32.cxd4 Nxb3 33.Rxf7 Nxd4 34.Kf1 g5 35.Ke1  1-0

[Event "Dortmund op-A"]
[Site "Dortmund"]
[Date "1992.??.??"]
[Round "8"]
[White "Schmittdiel, Eckhard"]
[Black "Illner, Achim"]
[Result "1/2-1/2"]
[WhiteElo "2485"]
[BlackElo "2350"]

1.e4 c5 2.c3 Nf6 3.e5 Nd5 4.d4 cxd4 5.Nf3 d6 6.Bc4 Nb6 7.Bb3 d5 8.Nxd4 Nc6
9.Bf4 Nxd4 10.cxd4 Bf5 11.Nc3 e6 12.h4 h5 13.Bg5 Be7 14.Qd2 a6 15.O-O Rc8
16.Rfc1 O-O 17.Ne2 Bxg5 18.hxg5 Nc4 19.Bxc4 dxc4 20.Ng3 Bd3 21.Qf4 g6 22.Ne4 Bxe4
23.Qxe4 b5 24.f4 Qb6 25.Kf2 Rfd8 26.Ke3 Rd7 27.Rd1 c3 28.bxc3 Rxc3+ 29.Rd3 Rc4
30.Rad1 b4 31.Ke2 a5 32.R1d2 Kg7 33.Qe3 Rd5 34.Kf2 a4 35.g4 hxg4 36.Kg3 Rc8
37.Rh2 Rc3 38.Rxc3 bxc3 39.Qxc3 Qxd4 40.Qxd4 Rxd4 41.Kxg4 Rd1  1/2-1/2

[Event "Dortmund op-A"]
[Site "Dortmund"]
[Date "1992.??.??"]
[Round "9"]
[White "Tamm, Ulrich"]
[Black "Pachow, Joerg"]
[Result "1-0"]
[WhiteElo "2300"]
[BlackElo "2240"]

1.e4 c5 2.c3 Nf6 3.e5 Nd5 4.d4 cxd4 5.Nf3 Nc6 6.cxd4 d6 7.Bc4 Nb6 8.Bb5 dxe5
9.Nxe5 Bd7 10.Nc3 Nxe5 11.dxe5 Bxb5 12.Nxb5 Qxd1+ 13.Kxd1 Nd5 14.Bd2 a6 15.Nc3 Nxc3+
16.Bxc3 O-O-O+ 17.Ke2 e6 18.Ba5 Rd5 19.Rac1+ Kb8 20.Bc7+ Ka7 21.Rhd1 Be7
22.Rxd5 exd5 23.Kd3 Bg5 24.Rc5 f6 25.Rxd5 fxe5 26.Bxe5 Bf6 27.Bxf6 gxf6 28.Rd7 Rg8
29.g3 h6 30.Rd6 Rf8 31.Re6 Rd8+ 32.Ke3 Rc8 33.Kf3 Rc2 34.Re2 Rc4 35.b3 Rb4
36.Re4 Rb5 37.Rf4 Ra5 38.a4 Rd5 39.Ke4 Re5+ 40.Kd4 Re6 41.Kd5 Re5+ 42.Kd6 Re2
43.Rxf6 Rb2 44.Rf3 Kb6 45.g4 Rd2+ 46.Ke5 Kc5 47.h4  1-0

[Event "Dortmund op-A"]
[Site "Dortmund"]
[Date "1992.??.??"]
[Round "9"]
[White "Schmedders, Hans Gerd"]
[Black "Hoehn, Jan"]
[Result "1/2-1/2"]
[WhiteElo "2300"]
[BlackElo "2235"]

1.e4 c5 2.c3 Nf6 3.e5 Nd5 4.d4 cxd4 5.cxd4 Nc6 6.Nf3 d6 7.exd6 e6 8.Nc3 Bxd6
9.Bd3 O-O 10.O-O b6 11.Re1 Ncb4 12.Bb1 Ba6 13.a3 Nxc3 14.bxc3 Nd5 15.c4 Nf6
16.Bg5 h6 17.Bh4 Rc8 18.d5 Bxc4 19.dxe6 fxe6 20.Ba2 Bf4 21.Qxd8 Rfxd8 22.Bxc4 Rxc4
23.Bxf6 gxf6 24.Rxe6 Bc1 25.Re1 Bb2 26.Ra2 Bc3 27.Rb1 Be5 28.Nxe5 fxe5 29.Re2 Rd5
30.f3 Kf7 31.Rb4 Rxb4 32.axb4 a5 33.bxa5 bxa5 34.Rb2 Ke6 35.Kf2 a4 36.Ke3 a3
37.Ra2 Ra5 38.Kd3 Kf5 39.Ke3 Ra4 40.g3 Ke6 41.Kd3 Kd5 42.Kc3 Ra8 43.Kd3 Ra7
44.Ke3 Kc4 45.Ke4 Kb3 46.Ra1 Kb2 47.Rf1 Rc7 48.Kxe5 Rc1 49.Rf2+ Rc2 50.Rf1 Rxh2
51.g4 a2 52.Kf5 a1=Q 53.Rxa1 Kxa1 54.Kg6 Kb2 55.f4 Kc3 56.f5 Kd4 57.f6 Rf2
58.f7  1/2-1/2

[Event "Wch U16"]
[Site "Duisburg"]
[Date "1992.??.??"]
[Round "3"]
[White "Dubiel, Jacek"]
[Black "Har Zvi, Ronen"]
[Result "0-1"]
[WhiteElo "2285"]
[BlackElo "2425"]

1.e4 c5 2.c3 Nf6 3.e5 Nd5 4.d4 cxd4 5.cxd4 d6 6.Bc4 Nb6 7.Bb5+ Bd7 8.e6 Bxb5
9.Qh5 Qc8 10.Qxb5+ Kd8 11.Be3 fxe6 12.Nf3 Qc4 13.Qg5 Nc6 14.Nbd2 Qd3 15.Rc1 Nd5
16.Nc4 h6 17.Qh4 Nf6 18.Ng5 Kd7 19.Nf7 Rg8 20.Nce5+ Nxe5 21.dxe5 Qe4 22.Qxe4 Nxe4
23.O-O b6 24.b4 Ke8 25.f3 Nc5 26.bxc5 dxc5 27.Ng5 hxg5 28.Bxg5 g6 29.Rfd1 Rh8
30.Rc3 Bh6 31.Bxh6 Rxh6 32.Rcd3 Rh4 33.Rd7 Ra4 34.Rb7 Rd8 35.Rxd8+ Kxd8 36.Rb8+ Kd7
37.Rg8 c4  0-1

[Event "Wch U18 Girls"]
[Site "Duisburg"]
[Date "1992.??.??"]
[Round "8"]
[White "Holoubkova, Martina"]
[Black "Abdullaeva, U."]
[Result "1-0"]
[WhiteElo "2045"]
[BlackElo "2180"]

1.e4 c5 2.c3 Nf6 3.e5 Nd5 4.d4 cxd4 5.Nf3 d6 6.cxd4 e6 7.Bc4 Nb6 8.Bb3 dxe5
9.Nxe5 N8d7 10.Nf3 Nf6 11.Nc3 Be7 12.O-O O-O 13.Qd3 Nbd5 14.a3 b6 15.Bg5 Bb7
16.Rfe1 a6 17.Bc2 g6 18.Bh6 Re8 19.Bb3 Ng4 20.Bd2 Kg7 21.Rad1 Rc8 22.Nxd5 exd5
23.Ne5 Nf6 24.Qh3 h5 25.Bh6+ Kg8 26.Nxf7 Qd7 27.Qxd7 Nxd7 28.Ne5 Nxe5 29.Rxe5 Kh7
30.Bd2 Bf6 31.Rxe8 Rxe8 32.Be3 Rc8 33.f3 b5 34.Rd2 Rc1+ 35.Kf2 Kg7 36.Rc2 Rxc2+
37.Bxc2 Kf7 38.Ke2 Bc6 39.Bf2 Be8 40.h4 Ke6 41.Ke3 Bg7 42.Bg3 Bf6 43.Be1 Bg7
44.Bd2 Bf6 45.g3 Be7 46.Kd3 Bd6 47.g4 hxg4 48.fxg4 Be7 49.Be1 Bd8 50.Bg3 Ba5
51.Ke3 Bb6 52.Bd1 Bd8 53.Bf3 Bf7 54.Bg2 Kd7 55.g5 Be6 56.Bf3 Kc6 57.Bf4 Bf7
58.Bg4 Be7 59.Be5 a5 60.Kf4 a4 61.Bd1 Kd7 62.Bc2 Kc6 63.h5 gxh5 64.g6 Bg8
65.g7 Kd7 66.Bd3 Kc6 67.Bg6 Kd7 68.Bc2 Kc6 69.Kf5 Bf7 70.Bd1 Kd7 71.Bxh5 Bg8
72.Be2 Bh7+ 73.Kg4 Kc6 74.Bd3 Bg8 75.Bc2 Kd7 76.Kh5 Bd8 77.Kh6 Ke6 78.Bh7 Kf7
79.Bd3 Ba5 80.Bxb5 Bd2+ 81.Kh5 Bc1 82.Bxa4 Bxb2 83.Bc6 Ke6 84.a4 Bc3 85.Kg6 Ke7
86.Bc7 Bxd4 87.a5 Ba7 88.Bb6 Kd6 89.Be8 Ke7 90.Bb5 Bb8 91.a6 Kd6 92.a7 Bxa7
93.Bxa7 Ke7 94.Bc5+ Kd8 95.Bd6 Be6 96.Kh7 Kc8 97.g8=Q+ Bxg8+ 98.Kxg8 Kb7
99.Bc5  1-0

[Event "NLD-ch sf"]
[Site "Enschede"]
[Date "1992.??.??"]
[Round "5"]
[White "Van Mil, Johannes A J"]
[Black "Riemersma, Liafbern"]
[Result "1-0"]
[WhiteElo "2445"]
[BlackElo "2410"]

1.e4 c5 2.c3 Nf6 3.e5 Nd5 4.d4 cxd4 5.Nf3 Nc6 6.Bc4 Nb6 7.Bb3 d5 8.exd6 Qxd6
9.O-O Be6 10.Bxe6 Qxe6 11.Nxd4 Nxd4 12.Qxd4 Rd8 13.Qh4 Qe2 14.Be3 e6 15.Bxb6 axb6
16.Na3 Rd7 17.Rfe1 Qxb2 18.Nc4 Qxc3 19.Ne5 Rd4 20.Qh5 g6 21.Nxg6 Rg8 22.Nxf8 Kxf8
23.Rac1 Qd2 24.g3 Rc4 25.Rcd1 Qg5 26.Qxh7 Rc2  1-0

[Event "ESP-chT"]
[Site "?"]
[Date "1992.??.??"]
[Round "4"]
[White "Garcia Fernandez, Carlos"]
[Black "Gomez Esteban, Juan Mario"]
[Result "1/2-1/2"]
[WhiteElo "2390"]
[BlackElo "2425"]

1.e4 c5 2.c3 Nf6 3.e5 Nd5 4.d4 cxd4 5.cxd4 d6 6.Nf3 Nc6 7.Bc4 Nb6 8.Bb5 dxe5
9.Nxe5 Bd7 10.Nc3 Nxe5 11.dxe5 Bxb5 12.Qxd8+ Rxd8 13.Nxb5 a6 14.Nc7+ Kd7
15.Be3 Nc4 16.Nd5 Nxe3 17.Nxe3 e6 18.Rc1 Bb4+ 19.Ke2 Rc8 20.Nc4 Rc6 21.Rhd1+ Kc7
22.a3 Be7 23.Na5 Rxc1 24.Rxc1+ Kb8 25.Rc3 Rc8 26.Rb3 Rc7 27.Kd3 Ka7 28.Nc4 Bc5
29.Ne3 b5 30.Ke2 Bd4 31.f4 Kb6 32.a4 Rc1 33.axb5 axb5 34.Nd1 Kc5 35.Kd2 Ra1
36.Kc2 b4 37.g4 h6 38.h4 Ra2 39.Rd3 Ra1 40.h5 Kc4 41.Ne3+ Bxe3 42.Rxe3 Rg1
43.Re4+ Kb5 44.f5 Ka4 45.Rf4 Rg2+ 46.Kb1 Kb3 47.Rf3+ Kc4 48.fxe6 fxe6 49.Rf4+ Kc5
50.Ka2 Rg3 51.b3 Rg2+ 52.Kb1 Kd5 53.Rxb4 Kxe5 54.Kc1 Kd5 55.Rb5+ Kd4 56.Rb7 Kc3
57.Rc7+ Kxb3 58.Rxg7 e5 59.Kd1 Kc3 60.Ke1 Kd3 61.Kf1 Ra2 62.Rg6  1/2-1/2

[Event "Espoo op"]
[Site "Espoo"]
[Date "1992.??.??"]
[Round "?"]
[White "Zhuravliov, Valerij"]
[Black "Rytshagov, Mikhail"]
[Result "1/2-1/2"]
[WhiteElo "2485"]
[BlackElo "2420"]

1.e4 c5 2.c3 Nf6 3.e5 Nd5 4.d4 cxd4 5.cxd4 Nc6 6.Nf3 d6 7.Bc4 Nb6 8.Bb5 dxe5
9.Nxe5 Bd7 10.Nxd7 Qxd7 11.Nc3 e6 12.Qg4 h5 13.Qf3 a6 14.Bxc6 Qxc6 15.Qxc6+ bxc6
16.Ke2 Kd7  1/2-1/2

[Event "Forli op"]
[Site "Forli"]
[Date "1992.??.??"]
[Round "4"]
[White "Godena, Michele"]
[Black "Valenti, Giuseppe"]
[Result "1-0"]
[WhiteElo "2435"]
[BlackElo "2265"]

1.e4 c5 2.c3 Nf6 3.e5 Nd5 4.d4 cxd4 5.Nf3 e6 6.cxd4 Nc6 7.Bc4 d6 8.O-O dxe5
9.dxe5 Nb6 10.Qxd8+ Nxd8 11.Bb3 Nc6 12.Nc3 a6 13.Bf4 Na5 14.Bc2 Bd7 15.Rac1 Bc6
16.Nd4 Nd5 17.Nxc6 Nxc6 18.Nxd5 exd5 19.Ba4 Rc8 20.Rfd1 Be7 21.Rxd5 O-O 22.Rd7 b5
23.Bb3 Rfe8 24.e6 fxe6 25.Bxe6+ Kf8 26.Rd5 Red8 27.Rf5+  1-0

[Event "Forli op"]
[Site "Forli"]
[Date "1992.??.??"]
[Round "8"]
[White "Manca, Federico"]
[Black "Valenti, Giuseppe"]
[Result "0-1"]
[WhiteElo "2390"]
[BlackElo "2265"]

1.e4 c5 2.c3 Nf6 3.e5 Nd5 4.d4 cxd4 5.cxd4 d6 6.Nf3 Nc6 7.Nc3 dxe5 8.dxe5 Ndb4
9.a3 Qxd1+ 10.Kxd1 Na6 11.b4 Nc7 12.Be3 Bg4 13.Be2 O-O-O+ 14.Kc2 g6 15.Rac1 Bg7
16.Kb3 Kb8 17.b5 Bxf3 18.Bxf3 Nd4+ 19.Bxd4 Rxd4 20.Rhe1 Rhd8 21.Rc2 Ne6 22.Ne4 R4d5
23.Ka2 Rxb5 24.a4 Ra5 25.Ka3 Bxe5 26.Rb1 Rd3+ 27.Kb4 b6 28.Rbc1 Rd4+ 29.Kb3 Rd8
30.Kb4 f5 31.Nc3 Bd6+  0-1

[Event "FRA-chT"]
[Site "?"]
[Date "1992.??.??"]
[Round "?"]
[White "Rause, Olita"]
[Black "Leriche, Eric"]
[Result "0-1"]
[WhiteElo "2230"]
[BlackElo "2265"]

1.e4 c5 2.c3 Nf6 3.e5 Nd5 4.d4 cxd4 5.cxd4 e6 6.Nf3 Nc6 7.Bc4 Nb6 8.Bd3 Be7
9.Nc3 d5 10.h4 h6 11.h5 a6 12.O-O Bd7 13.b3 Rc8 14.Bb2 Nb4 15.Bb1 Nc6 16.Ne2 a5
17.Nc3 a4 18.Nxa4 Nxa4 19.bxa4 Na5 20.Bc2 Nc4 21.Rb1 Qa5 22.Bb3 b5 23.axb5 Bxb5
24.Bc1 Na3 25.Bxa3 Bxa3 26.Re1 O-O 27.Re3 Be7 28.g3 Ba6 29.Ne1 Bg5 30.f4 Be7
31.Nc2 Rc7 32.Qe1 Qxe1+ 33.Nxe1 Rfc8 34.Nd3 Rc3 35.Rd1 Bd8 36.Kf2 Bb6 37.Nb4 Rxe3
38.Kxe3 Bb5 39.a4 Rc3+ 40.Kd2 Rxb3 41.axb5 Rxb4  0-1

[Event "Troll Masters"]
[Site "Gausdal"]
[Date "1992.??.??"]
[Round "1"]
[White "Gogichaishvili, Giorgi"]
[Black "Ernst, Thomas"]
[Result "1/2-1/2"]
[WhiteElo "2430"]
[BlackElo "2535"]

1.e4 c5 2.c3 Nf6 3.e5 Nd5 4.d4 cxd4 5.Nf3 Nc6 6.cxd4 d6 7.Bc4 Nb6 8.Bb5 dxe5
9.Nxe5 Bd7 10.Bxc6 Bxc6 11.Nxc6 bxc6 12.O-O g6 13.Re1 Bg7 14.Bg5 O-O 15.Bxe7 Qxd4
16.Nc3 Qxd1 17.Raxd1 Rfe8 18.Kf1 Bxc3 19.bxc3 Nd5 20.Bc5 Rxe1+ 21.Rxe1 Nxc3
22.Rc1 Nd5 23.Bd4  1/2-1/2

[Event "Peer Gynt"]
[Site "Gausdal"]
[Date "1992.??.??"]
[Round "5"]
[White "Stein, Bernd"]
[Black "Fossan, Erik"]
[Result "1/2-1/2"]
[WhiteElo "2370"]
[BlackElo "2340"]

1.e4 c5 2.c3 Nf6 3.d3 Nc6 4.Nf3 g6 5.Be2 Bg7 6.O-O O-O 7.Qc2 d5 8.Nbd2 Qc7
9.a3 b6 10.b4 Bb7 11.Bb2 e6 12.Rac1  1/2-1/2

[Event "Gausdal Int"]
[Site "Gausdal"]
[Date "1992.??.??"]
[Round "5"]
[White "Trabert, Bettina"]
[Black "Kiik, Kalle"]
[Result "1/2-1/2"]
[WhiteElo "2145"]
[BlackElo "2390"]

1.e4 c5 2.c3 Nf6 3.e5 Nd5 4.d4 cxd4 5.Qxd4 e6 6.Nf3 Nc6 7.Qe4 f5 8.exf6 Nxf6
9.Qh4 Qa5 10.Nbd2 Be7 11.Nc4 Qf5 12.Nd4 Qg6 13.Nxc6 bxc6 14.Qg3 Qe4+ 15.Qe3 Qd5
16.Qe5 O-O 17.Qxd5 cxd5 18.Ne5 Bb7 19.Bb5 d6 20.Nc6 Bxc6 21.Bxc6 Rab8 22.O-O Bd8
23.g3 Bb6 24.Kg2 d4 25.cxd4 Bxd4 26.Rb1 Rb4 27.Bf3 Rc8 28.b3 Rc2 29.a3 Rb6
30.b4 d5 31.Bd1 Rc8 32.Bb2 Bc3 33.Bf3 e5 34.Rfc1 Rbc6 35.b5 Rc5 36.Bxc3 Rxc3
37.Rxc3 Rxc3 38.a4 e4 39.Bd1 Kf7 40.a5 Ke6 41.b6  1/2-1/2

[Event "Arnold Cup"]
[Site "Gausdal"]
[Date "1992.??.??"]
[Round "5"]
[White "Lawson, David"]
[Black "Ward, Christopher"]
[Result "0-1"]
[WhiteElo "2255"]
[BlackElo "2440"]

1.e4 c5 2.c3 Nf6 3.e5 Nd5 4.d4 cxd4 5.Nf3 d6 6.Bc4 Nb6 7.Bb3 e6 8.O-O dxc3
9.exd6 Qxd6 10.Qe2 c2 11.Nc3 Bd7 12.Bg5 Nc6 13.Bxc2 f6 14.Rad1 Qb4 15.Be3 O-O-O
16.a3 Qg4 17.Bxb6 axb6 18.Rfe1 e5 19.h3 Qe6 20.Nd5 Kb8 21.b4 Bc8 22.Nxb6 Nd4
23.Nxd4 Qxb6 24.Nb5 Be7 25.Be4 g6 26.Bf3 Be6 27.Rc1 Rd7 28.Nc3 Rc8 29.Na4 Qa7
30.Rxc8+ Kxc8 31.Qb5 Kb8 32.Nb6 Rd8 33.Bd5 Bf5 34.Rc1 Qa6 35.Qxa6 bxa6 36.f3 Rd6
37.g4 Bxg4 38.hxg4 Rxb6 39.Bg8 h5 40.gxh5 gxh5 41.Bh7 Rd6 42.Be4 Bd8 43.Rc6 Bb6+
44.Kg2 Rxc6 45.Bxc6 Kc7 46.b5 a5 47.a4 Kd6 48.Be4 Kc5 49.Kg3 Kb4 50.Bc2 Kc3
51.Bd1 Kd2 52.Bb3 Ke3 53.Bd5 f5 54.Kg2 e4 55.fxe4 fxe4 56.Bf7 h4 57.Bh5 Kd2  0-1

[Event "Troll Masters"]
[Site "Gausdal"]
[Date "1992.??.??"]
[Round "5"]
[White "Motwani, Paul"]
[Black "Ernst, Thomas"]
[Result "0-1"]
[WhiteElo "2455"]
[BlackElo "2535"]

1.e4 c5 2.c3 Nf6 3.e5 Nd5 4.d4 cxd4 5.Nf3 Nc6 6.Bc4 Nb6 7.Bb3 d5 8.exd6 Qxd6
9.O-O Be6 10.Na3 dxc3 11.Qe2 Bxb3 12.Nb5 Qb8 13.axb3 e5 14.Bf4 Bd6 15.Rad1 O-O
16.Nxd6 exf4 17.bxc3 Nc8 18.Nxf7 Rxf7 19.Ng5 Nb6 20.Nxf7 Kxf7 21.Rfe1 Kg8
22.Qe6+ Kh8 23.Qf7 Qg8 24.Qxb7 Na5 25.Qc7 Nxb3 26.Qxf4 Nd5 27.Qe5 Nf6 28.h4 a5
29.h5 h6 30.Qf5 a4 31.Re6 Ra5 32.Re5 Ra6 33.Rb5 a3 34.c4 a2 35.Rxb3 a1=Q
36.Rxa1 Rxa1+ 37.Kh2 Qxc4 38.Rb8+ Ng8 39.f4 Ra6 40.Rf8 Rf6 41.Rxf6 Nxf6 42.Kh3 Qd5
43.Qc8+ Kh7 44.Qc2+ Kg8 45.Qc8+ Kf7 46.Qc7+ Qd7+ 47.Qxd7+ Nxd7 48.g4 Ke6
49.Kh4 Nc5 50.Kg3 Kd5 51.Kf3 Kd4 52.g5 Nd7 53.f5 Ke5 54.Kg4 Ke4  0-1

[Event "Troll Masters"]
[Site "Gausdal"]
[Date "1992.??.??"]
[Round "8"]
[White "Schmittdiel, Eckhard"]
[Black "Kotronias, Vasilios"]
[Result "0-1"]
[WhiteElo "2485"]
[BlackElo "2560"]

1.e4 c5 2.c3 Nf6 3.e5 Nd5 4.d4 cxd4 5.Nf3 Nc6 6.Bc4 Nb6 7.Bb3 d5 8.exd6 Qxd6
9.O-O Be6 10.Na3 Bxb3 11.Qxb3 e6 12.Rd1 Qd5 13.Nb5 O-O-O 14.Nbxd4 Qxb3 15.axb3 e5
16.Bg5 exd4 17.Bxd8 Nxd8 18.Nxd4 Bc5 19.Nf5 g6 20.b4 Bf8 21.Nd6+ Bxd6 22.Rxd6 Re8
23.Kf1 Kc7 24.Rd2 a6 25.Re2 Ne6 26.Rd1 h5 27.b3 Nd7 28.g3 Nf6 29.f3 h4 30.Kf2 hxg3+
31.hxg3 Rh8 32.Kg2 Rh5 33.f4 Nd5 34.Ree1 Kb6 35.c4 Nxb4 36.Rd7 Rf5 37.Re5 Rxe5
38.fxe5 Ng5 39.e6 Nxe6 40.Rxf7 Nc6 41.b4 g5 42.Rf6 Ncd4 43.Kf2 Kc6 44.Ke3 b6
45.Kd3 a5 46.Kc3 Kd6 47.g4 Ke5 48.Rf1 axb4+ 49.Kxb4 Nc5 50.Kc3 Nc6 51.Rf5+ Ke6
52.Rd5 Ne4+ 53.Kb3 Ne5 54.Rb5 Nxc4 55.Kb4 Kd7 56.Rf5 Ncd6 57.Rf8 Kc6 58.Rg8 Kd7
59.Rg7+ Ke6 60.Rg8 Ke5 61.Rb8 Nf6 62.Ka4 b5+ 63.Kb4 Nfe8 64.Ra8 Kf4 65.Ra1 Kxg4
66.Rg1+ Kf5 67.Rf1+ Kg6  0-1

[Event "Arnold Cup"]
[Site "Gausdal"]
[Date "1992.??.??"]
[Round "9"]
[White "Kjeldsen, Jens"]
[Black "Pedersen, Steffen"]
[Result "0-1"]
[WhiteElo "2365"]
[BlackElo "2360"]

1.e4 c5 2.c3 Nf6 3.e5 Nd5 4.d4 cxd4 5.Nf3 e6 6.cxd4 b6 7.Nc3 Nxc3 8.bxc3 Qc7
9.Bd2 Bb7 10.Bd3 d6 11.O-O Nd7 12.Bf4 Be7 13.Re1 O-O 14.Rc1 Rad8 15.Bb1 dxe5
16.Nxe5 Nxe5 17.Bxe5 Bd6 18.Qh5 g6 19.Qg4 Bxe5 20.Rxe5 Rd5 21.Re3 Rfd8 22.Rce1 Ra5
23.h4 Rdd5 24.Bc2 Rh5 25.Bb3 Bd5 26.Rd1 b5 27.Rg3 Kf8 28.Re1 Ra3 29.Bxd5 Rxd5
30.Re5 Rxc3 31.Rxc3 Qxc3 32.Rxd5 exd5 33.Qf4 Qe1+ 34.Kh2 Qe4 35.Qb8+ Kg7
36.Qxa7 Qxh4+ 37.Kg1 Qe4 38.g3 h5 39.Qc5 Qb1+ 40.Kg2 Qxa2 41.Qxb5 Qc4 42.Qb6 Qd3
43.Kg1 Qe4 44.Kf1 g5 45.Qd8 f6 46.Kg1 h4 47.gxh4 gxh4 48.Qd7+ Kg6 49.Qd8 Qxd4
50.Qg8+ Kf5 51.Qh7+ Ke5 52.Qc7+ Kf5 53.Qh7+ Kg5 54.Qg7+ Kf4  0-1

[Event "Gausdal Int"]
[Site "Gausdal"]
[Date "1992.??.??"]
[Round "9"]
[White "Stein, Bernd"]
[Black "Taimanov, Mark E"]
[Result "0-1"]
[WhiteElo "2370"]
[BlackElo "2505"]

1.e4 c5 2.c3 Nf6 3.d3 Nc6 4.Nf3 d6 5.h3 e6 6.Be2 Be7 7.O-O O-O 8.Re1 a6 9.a4 Bd7
10.Bg5 b5 11.axb5 axb5 12.Na3 Rb8 13.Bf1 Na5 14.b4 cxb4 15.cxb4 Nc6 16.Qb3 Qb6
17.Nc2 Rfc8 18.Be3 Qd8 19.Ncd4 Nxd4 20.Bxd4 Be8 21.Ra7 Nd7 22.Qb2 Bf8 23.Rc1 Nb6
24.Raa1 Na4 25.Qb3 Qe7 26.Be3 h6 27.d4 Qb7 28.Bd3 Nb6 29.Rxc8 Rxc8 30.Rc1 Nc4
31.Nd2 d5 32.exd5 exd5 33.Nf1 Qe7 34.Rb1 Ra8 35.Bd2 Ra3 36.Qc2 Qa7 37.Bc3 Qa4
38.Qc1 Bd7 39.Nd2 Be7 40.Nf3 Bf6 41.Qf4 Qa8 42.Rc1 Be6 43.Bb1 Be7 44.Be1 g5  0-1

[Event "Oberliga Nord W9192"]
[Site "Germany"]
[Date "1992.??.??"]
[Round "?"]
[White "Blatny, Pavel"]
[Black "Chochulski, Artur"]
[Result "1-0"]
[WhiteElo "2480"]
[BlackElo "2290"]

1.e4 c5 2.c3 Nf6 3.e5 Nd5 4.d4 cxd4 5.Nf3 e6 6.cxd4 b6 7.Bd3 Bb4+ 8.Bd2 Bxd2+
9.Nfxd2 Nf4 10.Be4 d5 11.exd6 Nd5 12.Nc3 Qxd6 13.Nc4 Qd8 14.Qa4+ Bd7 15.Qa3 Qe7
16.Nd6+ Kd8 17.O-O Bc6 18.Bxd5 exd5 19.Rfe1 Qf6 20.Re3 Kc7 21.Rc1 Kd7 22.Rf3 Qe6
23.Rxf7+ Kd8 24.Rxg7 Nd7 25.Nce4 Rc8 26.Nf7+ Ke8 27.Nfg5  1-0

[Event "NRW-Liga II 9192"]
[Site "Germany"]
[Date "1992.??.??"]
[Round "?"]
[White "Kaeser, Udo"]
[Black "Sandkamp, Ralph"]
[Result "1-0"]
[WhiteElo "2280"]
[BlackElo "2215"]

1.e4 c5 2.c3 Nf6 3.e5 Nd5 4.d4 cxd4 5.Nf3 Nc6 6.Bc4 e6 7.cxd4 d6 8.O-O Be7
9.exd6 Qxd6 10.Nc3 Nxc3 11.bxc3 O-O 12.Re1 b6 13.Ng5 Bxg5 14.Bxg5 Bb7 15.Qg4 Ne7
16.Bxe6 fxe6 17.Rxe6 Qd7 18.Bxe7 Rae8 19.Qe2 Rf6 20.Re3 Rg6 21.f3 Bxf3 22.Qxf3 Rxe7
23.Rf1 Rf6 24.Rxe7 Qxe7 25.Qd5+ Kf8 26.Rxf6+ gxf6 27.Kf2 Qa3 28.Qc4 Kg7 29.h3 h5
30.d5 Kg6 31.Qd3+ Kf7 32.Qh7+ Kf8 33.Qh6+ Ke7 34.Qd2 Kd6 35.Kg3 Qc5 36.Qf4+ Kxd5
37.Qxf6 Qe3+ 38.Qf3+ Qxf3+ 39.Kxf3 Kc4 40.g4 hxg4+ 41.hxg4 Kxc3 42.g5  1-0

[Event "GER CupT"]
[Site "Germany"]
[Date "1992.??.??"]
[Round "?"]
[White "Braun, Gottfried"]
[Black "Enders, Peter"]
[Result "1-0"]
[WhiteElo "2385"]
[BlackElo "2475"]

1.e4 c5 2.c3 Nf6 3.e5 Nd5 4.d4 cxd4 5.Nf3 Nc6 6.Bc4 Nb6 7.Bb3 d5 8.exd6 Qxd6
9.O-O Be6 10.Na3 Bxb3 11.Qxb3 e6 12.Nb5 Qd7 13.Rd1 d3 14.c4 Rd8 15.Nxa7 Nxa7
16.Qxb6 Nc6 17.Ne1 Ne5 18.Bf4 Nxc4 19.Qb3 Qd4 20.Qb5+ Ke7 21.Nxd3 Rd5 22.Qxb7+ Kf6
23.Qb3 Be7 24.Bc7 Rc8 25.Nf4  1-0

[Event "BL2-S9192"]
[Site "Germany"]
[Date "1992.??.??"]
[Round "?"]
[White "Rausis, Igors"]
[Black "Mokry, Karel"]
[Result "1-0"]
[WhiteElo "2460"]
[BlackElo "2535"]

1.e4 c5 2.c3 Nf6 3.e5 Nd5 4.d4 cxd4 5.cxd4 d6 6.Nf3 Nc6 7.Bc4 Nb6 8.Bb5 dxe5
9.Nxe5 Bd7 10.Nc3 Nxe5 11.dxe5 Bxb5 12.Nxb5 a6 13.Be3 Nd7 14.e6 axb5 15.exd7+ Qxd7
16.Qxd7+ Kxd7 17.O-O-O+ Kc7 18.Rd3 b6 19.Kb1 f6 20.Rc1+ Kb7 21.Rd7+ Ka6 22.Rc6 Rb8
23.b4 e5 24.Rcc7 Ra8 25.a3  1-0

[Event "BL2-S9192"]
[Site "Germany"]
[Date "1992.??.??"]
[Round "?"]
[White "Pirrot, Dieter"]
[Black "Arnold, Lothar"]
[Result "1/2-1/2"]
[WhiteElo "2380"]
[BlackElo "2320"]

1.e4 c5 2.c3 Nf6 3.e5 Nd5 4.d4 cxd4 5.Nf3 Nc6 6.Bc4 Nb6 7.Bb3 d5 8.exd6 Qxd6
9.O-O Be6 10.Na3 Bxb3 11.Qxb3 Qd5 12.Nb5 Rc8 13.Nbxd4 e6 14.Rd1 Nxd4 15.Nxd4 Qxb3
16.axb3 a6 17.b4 Nd5 18.b5 axb5 19.Nxb5 Bc5 20.c4 Nb6 21.Be3 O-O 22.Bxc5 Rxc5
23.b3 Rb8 24.Ra7 Kf8 25.Kf1 Ke7 26.Rd4 Rc6 27.Ke2 Nd7 28.Ra2 Nc5  1/2-1/2

[Event "BL2-S9192"]
[Site "Germany"]
[Date "1992.??.??"]
[Round "?"]
[White "Oesterle, Peter"]
[Black "Mandel, Andreas"]
[Result "1-0"]
[WhiteElo "2370"]
[BlackElo "2375"]

1.e4 c5 2.c3 Nf6 3.e5 Nd5 4.d4 cxd4 5.Nf3 Nc6 6.Bc4 Nb6 7.Bb3 d5 8.exd6 Qxd6
9.Na3 a6 10.O-O e6 11.cxd4 Be7 12.Re1 O-O 13.Re4 Nd5 14.Nc4 Qd8 15.Nce5 Bd7
16.Qe2 Bf6 17.Bd2 Rc8 18.Re1 Nce7 19.Ng5 h6 20.Ngxf7 Rxf7 21.Nxf7 Kxf7 22.Rxe6 Bxe6
23.Qxe6+ Kg6 24.Qe4+ Kf7 25.Bb4 Rc7 26.Bxe7 Rxe7 27.Qxd5+ Qxd5 28.Bxd5+ Ke8
29.Rxe7+ Kxe7 30.Bxb7 a5 31.Kf1 Bxd4 32.b3 Kd6 33.f3 Ke5 34.Ke2 Bg1 35.g3 Kd4
36.h3 Be3 37.f4 Bg1 38.Kf3 Be3 39.Kg4 Bf2 40.Kf3 Be1 41.Kg4 Bf2 42.Bc8 Ke4
43.Be6 Kd4 44.Bg8 Ke4 45.Bh7+ Kd4 46.f5 Ke5 47.Kh5 Kf6 48.g4 Be3 49.Bg8 Bc1
50.Bc4 Be3 51.Bd3 Bc1 52.h4 Be3 53.a3 Bc5 54.g5+ hxg5 55.hxg5+ Ke7 56.Kg6 Kf8
57.b4 axb4 58.a4 b3 59.a5 b2 60.a6 Kg8 61.Bb1 Bd4 62.Ba2+ Kf8 63.Kh7  1-0

[Event "BL2-S9192"]
[Site "Germany"]
[Date "1992.??.??"]
[Round "?"]
[White "Mann, Christian"]
[Black "Trettin, Ulrich"]
[Result "1-0"]
[WhiteElo "2455"]
[BlackElo "2295"]

1.e4 c5 2.c3 Nf6 3.e5 Nd5 4.d4 cxd4 5.cxd4 b6 6.Qf3 Nc7 7.Nc3 d5 8.exd6 exd6
9.Bf4 Be7 10.Nb5 Nba6 11.Rc1 O-O 12.Bd3 Be6 13.Ne2 Qd7 14.Nxc7 Nxc7 15.Be4 Rab8
16.Bc6 Qd8 17.O-O Ne8 18.d5 Bc8 19.Qa3 a5 20.Nd4 Nf6 21.Rfe1 Nh5 22.Rxe7 Nxf4
23.Rce1 Ba6 24.Qg3 Ng6 25.Ra7 Bc8 26.Nb5  1-0

[Event "BL2-O9192"]
[Site "Germany"]
[Date "1992.??.??"]
[Round "?"]
[White "Roeder, Gerd"]
[Black "Seyb, Dieter"]
[Result "1/2-1/2"]
[WhiteElo "2255"]
[BlackElo "2290"]

1.e4 c5 2.c3 Nf6 3.e5 Nd5 4.d4 cxd4 5.cxd4 d6 6.Nf3 Nc6 7.Bc4 Nb6 8.Bb5 dxe5
9.Nxe5 Bd7 10.Nc3 Nxe5 11.dxe5 Bxb5 12.Nxb5 Qxd1+ 13.Kxd1 Nd5 14.Ke2 a6 15.Rd1 O-O-O
16.Nd6+ exd6 17.Rxd5  1/2-1/2